Identify the Car Controls (Visual Quiz) - Statistics

General Stats
  • This quiz has been taken 6 times
  • The average score is 4 of 15
Answers on the Map
Answers color-coded by a green-red scale on the quiz's map according to % correct below.
 
Answer Stats
Answer % Correct
Air Conditioning
67%
Brake Pedal
67%
Ignition
67%
Gear Shifter
50%
Glove Box Handle
33%
Volume Down
33%
Volume Knob
33%
Volume Up
33%
Cruise Control
17%
Fan Speed
17%
Parking Brake
17%
Hazard Lights
0%
Phone
0%
Resume Speed
0%
Set Speed
0%
No matching quizzes found
Score Distribution
Percent of People with Each Score
Percentile by Number Answered
Your Score History
You have not taken this quiz